| 000 | 00729cam a22002411 4500 | ||
|---|---|---|---|
| 001 | 12073 | ||
| 003 | BD-RjUL | ||
| 005 | 20211208235229.0 | ||
| 008 | 140128s1964 nyua b 001 0 eng | ||
| 035 | _a(BD-RjUL)12122 | ||
| 040 |
_aDLC/ICU _cICU _dDLC _dWaU _dBD-RjUL _beng |
||
| 041 | _aeng | ||
| 082 | 0 | 0 |
_a596.033 _bRUV 1964 |
| 100 | 1 |
_aRugh, Roberts, _d1903- _937397 |
|
| 245 | 1 | 0 |
_aVertebrate embryology : _bThe dynamics of development / _cRoberts Rugh. |
| 260 |
_aNew York : _bHarcourt, Brace & World, _cc1964. |
||
| 300 |
_aviii, 600 p. : _billus. ; _c24 cm. |
||
| 504 | _aBibliography: p. 524 and index. | ||
| 650 | 0 |
_aVertebrates _xEmbryology. _937398 |
|
| 942 |
_2ddc _cBK |
||
| 999 |
_c12073 _d12073 |
||